Countries Part Of The Portuguese Empire - Statistics

General Stats
  • This quiz has been taken 54 times
  • The average score is 13 of 17
Answers on the Map
Answers color-coded by a green-red scale on the quiz's map according to % correct below.
 
Answer Stats
Country % Correct
Brazil
98%
Angola
95%
Portugal
95%
Cape Verde
89%
India
89%
Mozambique
89%
São Tomé and Príncipe
82%
Sri Lanka
75%
Guinea-Bissau
73%
East Timor
70%
Malaysia
68%
Indonesia
66%
Japan
57%
Maldives
55%
Barbados
52%
Mauritania
52%
Bahrain
50%
No matching quizzes found
Score Distribution
Percent of People with Each Score
Percentile by Number Answered
Your Score History
You have not taken this quiz